Đất Viên An
Đã lưu trong:
| 主要作者: | |
|---|---|
| 格式: | 圖書 |
| 語言: | Undetermined |
| 出版: |
Hà Nội
Giải phóng
1975
|
| 主題: | |
| 標簽: |
添加標簽
沒有標簽, 成為第一個標記此記錄!
|
| Thư viện lưu trữ: | Trung tâm Học liệu Trường Đại học Cần Thơ |
|---|
| LEADER | 00499nam a2200181Ia 4500 | ||
|---|---|---|---|
| 001 | CTU_10637 | ||
| 008 | 210402s9999 xx 000 0 und d | ||
| 082 | |a 895.922133 | ||
| 082 | |b B100đ | ||
| 100 | |a Nguyễn Bá | ||
| 245 | 0 | |a Đất Viên An | |
| 245 | 0 | |c Nguyễn Bá | |
| 260 | |a Hà Nội | ||
| 260 | |b Giải phóng | ||
| 260 | |c 1975 | ||
| 650 | |a vietnamese poetry | ||
| 904 | |i Nguyễn Quang Điền, 961010 | ||
| 980 | |a Trung tâm Học liệu Trường Đại học Cần Thơ | ||